<?xml version="1.0" encoding="UTF-8"?><?xml-stylesheet type="text/xsl" href="static/style.xsl"?><OAI-PMH xmlns="http://www.openarchives.org/OAI/2.0/" xmlns:xsi="http://www.w3.org/2001/XMLSchema-instance" xsi:schemaLocation="http://www.openarchives.org/OAI/2.0/ http://www.openarchives.org/OAI/2.0/OAI-PMH.xsd"><responseDate>2026-04-27T21:45:06Z</responseDate><request verb="GetRecord" identifier="oai:uvadoc.uva.es:10324/2545" metadataPrefix="marc">https://uvadoc.uva.es/oai/request</request><GetRecord><record><header><identifier>oai:uvadoc.uva.es:10324/2545</identifier><datestamp>2021-12-16T13:02:42Z</datestamp><setSpec>com_10324_1508</setSpec><setSpec>com_10324_894</setSpec><setSpec>col_10324_1584</setSpec></header><metadata><record xmlns="http://www.loc.gov/MARC21/slim" xmlns:doc="http://www.lyncode.com/xoai" xmlns:xsi="http://www.w3.org/2001/XMLSchema-instance" xmlns:dcterms="http://purl.org/dc/terms/" xsi:schemaLocation="http://www.loc.gov/MARC21/slim http://www.loc.gov/standards/marcxml/schema/MARC21slim.xsd">
<leader>00925njm 22002777a 4500</leader>
<datafield tag="042" ind1=" " ind2=" ">
<subfield code="a">dc</subfield>
</datafield>
<datafield tag="720" ind1=" " ind2=" ">
<subfield code="a">Almudí Cid, José Manuel</subfield>
<subfield code="e">author</subfield>
</datafield>
<datafield tag="720" ind1=" " ind2=" ">
<subfield code="a">Martínez Lago, Miguel Angel</subfield>
<subfield code="e">author</subfield>
</datafield>
<datafield tag="260" ind1=" " ind2=" ">
<subfield code="c">2011</subfield>
</datafield>
<datafield tag="520" ind1=" " ind2=" ">
<subfield code="a">Tras haber superado el burocrático proceso de&#xd;
verificación oficial previsto para los nuevos títulos de Grado y&#xd;
Posgrado de carácter jurídico, la presente comunicación aborda el&#xd;
contenido de las enseñanzas del Derecho Financiero y Tributario en&#xd;
la Universidad Complutense de Madrid, donde se cuenta con una&#xd;
titulación específica, aunque pendiente todavía de aplicación&#xd;
práctica, diseñada en cooperación con la Universidad a Distancia de&#xd;
Madrid. Aparte del «Máster Interuniversitario en Estudios Avanzados&#xd;
de Derecho Financiero y Tributario», impulsado por ambas&#xd;
Universidades, y que representa una clara apuesta de colaboración&#xd;
público-privada, que trata de conjugar adecuadamente la enseñanza&#xd;
presencial y a distancia en dicho ámbito de estudio, el documento&#xd;
siguiente también da noticia de un proyecto de innovación docente&#xd;
que trata de hacer viable la constitución de una «clínica jurídicotributaria&#xd;
» en la Universidad Complutense de Madrid.&#xd;
Abstract: After passing the bureaucratic official verification process&#xd;
foreseen for the new degree and postgraduate in Laws, this&#xd;
communication deals with the content of the education of Tax Law at&#xd;
the Complutense University of Madrid, which has a specific&#xd;
postgraduate Title, that still awaits its practical application, designed&#xd;
in cooperation with the Open University of Madrid. Apart from the&#xd;
"Masters in Advanced Studies in Tax Law", driven by both&#xd;
Universities, which represents a clear commitment to public-private&#xd;
partnership, that seeks to combine presential and distance education&#xd;
in that field of study, the following document also gives news of a&#xd;
innovation education project that tries to make viable the&#xd;
establishment of a "Legal Tax Clinic" in the Complutense University of Madrid</subfield>
</datafield>
<datafield tag="024" ind2=" " ind1="8">
<subfield code="a">IV Congreso Nacional de Innovaciones Científicas: Coordinación y planificación en los estudios de derecho. Valladolid: Universidad de Valladolid, 2011, p. 509-543</subfield>
</datafield>
<datafield tag="024" ind2=" " ind1="8">
<subfield code="a">978-84-694-8683-2</subfield>
</datafield>
<datafield tag="024" ind2=" " ind1="8">
<subfield code="a">http://uvadoc.uva.es/handle/10324/2545</subfield>
</datafield>
<datafield ind1=" " ind2=" " tag="653">
<subfield code="a">Derecho financiero - Estudio y enseñanza</subfield>
</datafield>
<datafield ind1=" " ind2=" " tag="653">
<subfield code="a">Derecho fiscal - Estudio y enseñanza</subfield>
</datafield>
<datafield ind1=" " ind2=" " tag="653">
<subfield code="a">Universidad Complutense de Madrid</subfield>
</datafield>
<datafield tag="245" ind1="0" ind2="0">
<subfield code="a">Presente y futuro de la enseñanza del Derecho Financiero y Tributario en la Universidad Complutense de Madrid: Estudios de Grado, Posgrado y viabilidad de una "Clínica Jurídico-Tributaria"</subfield>
</datafield>
</record></metadata></record></GetRecord></OAI-PMH>